| 000 -LEADER |
| fixed length control field |
00677nam a2200205Ia 4500 |
| 001 - CONTROL NUMBER |
| control field |
16644 |
| 003 - CONTROL NUMBER IDENTIFIER |
| control field |
GE_BSU |
| 008 - FIXED-LENGTH DATA ELEMENTS--GENERAL INFORMATION |
| fixed length control field |
181216s||||||||xx |||||||||||||| ||und|| |
| 040 ## - CATALOGING SOURCE |
| Transcribing agency |
GE_BSU |
| 080 ## - UNIVERSAL DECIMAL CLASSIFICATION NUMBER |
| Universal Decimal Classification number |
821.353.1 + 821.353.1-32 + 821.353.1-2 |
| 100 ## - MAIN ENTRY--PERSONAL NAME |
| Personal name |
ნაკაშიძე, ნ. |
| 245 ## - TITLE STATEMENT |
| Title |
რჩეული. მოთხრობები, პიესა. ტ.2 |
| 245 ## - TITLE STATEMENT |
| Statement of responsibility, etc. |
გ. კაჭახიძის შესავალი წერილით |
| 260 ## - PUBLICATION, DISTRIBUTION, ETC. |
| Place of publication, distribution, etc. |
თბილისი |
| 260 ## - PUBLICATION, DISTRIBUTION, ETC. |
| Name of publisher, distributor, etc. |
ნაკადული |
| 260 ## - PUBLICATION, DISTRIBUTION, ETC. |
| Date of publication, distribution, etc. |
1961 |
| 300 ## - PHYSICAL DESCRIPTION |
| Extent |
346 გვ.23სმ. |
| 653 ## - INDEX TERM--UNCONTROLLED |
| Uncontrolled term |
მოთხრობები, პიესა |
| 942 ## - ADDED ENTRY ELEMENTS (KOHA) |
| Koha item type |
წიგნი |